| 000 | nam a22 a 4500 | ||
|---|---|---|---|
| 999 |
_c160618 _d160618 |
||
| 003 | BLK | ||
| 005 | 20221104162615.0 | ||
| 008 | 180410b bul|||||r ||||||| ||bul|| | ||
| 010 | _aKNG00167899000 | ||
| 040 | _aBLK | ||
| 041 |
_aBUL _cBUL |
||
| 080 |
_aМарксизъм-ленинизъм. Научен комунизъм _b141.82 _z141.82 |
||
| 100 | 1 |
_aМаркс, Карл _eпърви автор _9365572 |
|
| 139 |
_aМаркс, Карл и др. _bМ 32 |
||
| 245 | 1 | 0 |
_aИзбрани произведения _bВ 10 т. _cКарл Маркс; съавт. Фридрих Енгелс; състав. Бернард Яков Мунтян. _nТ. 1 |
| 257 | _aBGR | ||
| 260 |
_aСофия _bПартиздат _c1977 - 1978 |
||
| 300 | _c21 см | ||
| 380 | _a1 | ||
| 650 | 4 |
_aНаучен комунизъм _9253121 |
|
| 653 | _aнаучен комунизъм | ||
| 700 | 1 |
_aЕнгелс, Фридрих _eсъавт. _9374147 |
|
| 700 | 1 |
_aМунтян, Бернард Яков _eсъстав. _999526 |
|
| 760 | 1 |
_aМаркс, Карл _dСофия, 1977 _h327 с. : с факс., 2 л. : портр. _tТ. 1 |
|
| 852 |
_aЦб 89514 _bЦб |
||
| 856 | 4 |
_qpdf _i0.00 _ldisable |
|
| 856 | 4 |
_qpdf _i0.00 _ldisable |
|
| 942 |
_cKNG _n0 _s1 |
||
| 944 |
_aCR _c27.11.2014 _lф / _kЛюдмила_Стоянова |
||
| 944 |
_aED _c27.11.2014 _lф / _kЛюдмила_Стоянова |
||